| 000 | 00360nam a22001217a 4500 | ||
|---|---|---|---|
| 020 | _a8122413412 | ||
| 082 |
_222 _a621.38104521 |
||
| 100 | _asarkar, C. K. and Sarkar, D. C. | ||
| 245 | _aOptoelectronics and fibre optics communication / | ||
| 260 |
_aNew Delhi, _bNew Age International, _cc2006. |
||
| 300 |
_axii, 374 p. ; _bill. ; _c24 cm. |
||
| 942 |
_2ddc _cEE _02 |
||
| 999 |
_c1657 _d1657 |
||